[Event "SR 5. liga SE-SI 2014/2015"]
[Site "?"]
[Date "2015.03.07"]
[Round "10.3"]
[White "Diviak, Rudolf"]
[Black "Mysicka, Miroslav"]
[Result "1/2-1/2"]
[WhiteElo "1836"]
[BlackElo "1801"]
[PlyCount "43"]
[EventDate "2014.??.??"]

1. e4 c5 2. Bc4 Nc6 3. c3 Nf6 4. Qe2 e5 5. d3 Be7 6. Nf3 O-O 7. O-O a6 8. Bb3
b5 9. Nbd2 d6 10. Re1 Bg4 11. Nf1 b4 12. Ng3 a5 13. h3 Be6 14. Ba4 Qc7 15. Nf5
Bxf5 16. exf5 Rac8 17. Bg5 bxc3 18. bxc3 Nd5 19. Bd2 Nf6 20. Rab1 Rb8 21. Ng5
h6 22. Ne4 1/2-1/2

[Event "SR 5. liga SE-SI 2014/2015"]
[Site "?"]
[Date "2015.03.07"]
[Round "10.3"]
[White "Drozd, Jan"]
[Black "Ulehla, Jakub"]
[Result "0-1"]
[WhiteElo "1509"]
[BlackElo "1479"]
[PlyCount "94"]
[EventDate "2014.??.??"]

1. e4 e5 2. Nf3 Nc6 3. Bb5 a6 4. Ba4 Nf6 5. O-O d6 6. d3 Be7 7. Re1 O-O 8. h3
b5 9. Bb3 Na5 10. c3 Nxb3 11. axb3 c5 12. d4 cxd4 13. cxd4 Qc7 14. d5 Bd7 15.
Be3 Rfc8 16. Nbd2 Qb7 17. Rc1 Rxc1 18. Qxc1 Rc8 19. Qb1 Qc7 20. Nf1 Qc2 21. Qa1
Qxe4 22. Qxa6 Qxd5 23. Qa3 Qb7 24. Nxe5 b4 25. Qa1 dxe5 26. Ng3 Be6 27. Qd1 Qd5
28. Qxd5 Bxd5 29. Nf5 Kf8 30. Bg5 Be6 31. Nxe7 Kxe7 32. Rxe5 Kd6 33. Bf4 Kc6
34. Be3 Nd5 35. Kf1 Nxe3+ 36. Rxe3 Kb6 37. Ke1 Rc2 38. Re2 Rxe2+ 39. Kxe2 Bxb3
40. Kd3 Be6 41. Kd4 Ka5 42. Kd3 Ka4 43. Kc2 Bf5+ 44. Kc1 Kb3 45. h4 h5 46. f4
f6 47. g3 g6 0-1

[Event "SR 5. liga SE-SI 2014/2015"]
[Site "?"]
[Date "2015.03.07"]
[Round "10.3"]
[White "Kaufman, Robert"]
[Black "Vasek, Rudolf"]
[Result "1-0"]
[WhiteElo "1127"]
[BlackElo "1470"]
[PlyCount "115"]
[EventDate "2014.??.??"]

1. e4 c5 2. Nf3 Nc6 3. Bb5 Nh6 4. Bxc6 bxc6 5. d3 Ng8 6. O-O e6 7. Be3 d6 8.
Nc3 Be7 9. Qd2 e5 10. Ne2 f5 11. exf5 Bxf5 12. Ng3 Bg6 13. Ng5 Bxg5 14. Bxg5
Nf6 15. f4 O-O 16. f5 Bf7 17. Ne4 Bd5 18. Nxf6+ gxf6 19. Bh6 Re8 20. c4 Bf7 21.
Rae1 d5 22. Qe3 Kh8 23. Qxc5 dxc4 24. dxc4 Qc7 25. b3 Rg8 26. b4 Qb6 27. Be3
Qxc5 28. Bxc5 Bxc4 29. Rf2 Bd5 30. Be7 Kg7 31. h3 Kf7 32. Bc5 a6 33. Be3 Rab8
34. a3 Rb5 35. Bd2 Rbb8 36. Kh2 Rbc8 37. Be3 Rcd8 38. Bh6 Bc4 39. Rd2 Rxd2 40.
Bxd2 Rd8 41. Bh6 Rd3 42. Re3 Rd2 43. Rc3 Bd5 44. Rg3 Rf2 45. Rg7+ Ke8 46. Rxh7
Rxf5 47. Rh8+ Kd7 48. Rh7+ Ke6 49. Bf8 Rf2 50. Rg7 f5 51. Kg1 Ra2 52. h4 Kf6
53. h5 Bf7 54. h6 Ra1+ 55. Kh2 Bg6 56. Be7+ Ke6 57. Rxg6+ Kxe7 58. h7 1-0

[Event "SR 5. liga SE-SI 2014/2015"]
[Site "?"]
[Date "2015.03.07"]
[Round "10.3"]
[White "Lauko, Lukas"]
[Black "Oslej, Marek"]
[Result "1-0"]
[WhiteElo "1000"]
[BlackElo "1000"]
[PlyCount "81"]
[EventDate "2014.??.??"]

1. e4 e5 2. d3 Nf6 3. Be2 Bb4+ 4. c3 Bc5 5. Nf3 Ng4 6. d4 exd4 7. Nxd4 Bxd4 8.
Qxd4 d6 9. Qxg7 Rf8 10. Bxg4 Bxg4 11. Qxg4 Nc6 12. O-O Ne5 13. Qh3 Rg8 14. Bf4
Qf6 15. Bxe5 Qxe5 16. Nd2 Qg5 17. Nf3 Qf6 18. Rfe1 Rg6 19. e5 dxe5 20. Rxe5+
Kf8 21. g3 Qxf3 22. Qxh7 Re8 23. Qh8+ Rg8 24. Rxe8+ Kxe8 25. Qxg8+ Ke7 26. Re1+
Kf6 27. Qd8+ Kg6 28. Qg8+ Kh5 29. Re5+ Kh6 30. Qg5+ Kh7 31. Qh4+ Kg7 32. Rg5+
Kf8 33. Qh8+ Ke7 34. Qe5+ Kf8 35. Qh8+ Ke7 36. Re5+ Kd7 37. Qe8+ Kd6 38. Qe7+
Kc6 39. Rc5+ Kb6 40. Qxc7+ Ka6 41. Qa5# 1-0

[Event "SR 5. liga SE-SI 2014/2015"]
[Site "?"]
[Date "2015.03.07"]
[Round "10.3"]
[White "Krusinsky, Mojmir"]
[Black "Gabris, Lubos"]
[Result "1-0"]
[WhiteElo "1000"]
[BlackElo "1000"]
[PlyCount "115"]
[EventDate "2014.??.??"]

1. e4 Nc6 2. Nc3 b6 3. Bb5 a6 4. Bxc6 dxc6 5. Nf3 b5 6. Ne5 f6 7. Nxc6 Qd6 8.
Qh5+ g6 9. Qd5 Bb7 10. Qxd6 cxd6 11. Na5 Rc8 12. Nxb7 Rc7 13. Na5 f5 14. Nd5
Rc5 15. Nb7 Rc8 16. d3 fxe4 17. dxe4 Rxc2 18. Be3 Bg7 19. Nf4 Bxb2 20. Rb1 Nf6
21. Nd3 Bc3+ 22. Kd1 Rxa2 23. Nc1 Ra4 24. Bd2 Rd4 25. Ne2 Rd3 26. Nxc3 Rd4 27.
Re1 Ng4 28. Re2 b4 29. Nd5 e6 30. Nxd6+ Kd7 31. Rxb4 Rxb4 32. Bxb4 exd5 33. h3
Nf6 34. e5 Ng8 35. e6+ Kd8 36. e7+ Nxe7 37. Nf7+ Kd7 38. Rxe7+ Kc6 39. Nxh8 Kb5
40. Bd6 Kc6 41. Nf7 d4 42. Rc7+ Kb5 43. Rc5+ Kb6 44. Ne5 h6 45. Nc4+ Kb7 46.
Rc7+ Kb8 47. Rh7+ Kc8 48. Nb6+ Kd8 49. Rd7+ Ke8 50. g4 h5 51. gxh5 gxh5 52. f4
a5 53. Ra7 a4 54. Nxa4 h4 55. f5 d3 56. f6 d2 57. f7+ Kd8 58. f8=R# 1-0

[Event "SR 5. liga SE-SI 2014/2015"]
[Site "?"]
[Date "2015.03.07"]
[Round "10.4"]
[White "Buran, Andrej"]
[Black "Nemeckay, Dominik"]
[Result "1/2-1/2"]
[WhiteElo "1586"]
[BlackElo "1415"]
[PlyCount "46"]
[EventDate "2014.??.??"]

1. e4 e5 2. Nf3 Nc6 3. Bb5 a6 4. Ba4 b5 5. Bb3 Nf6 6. Ng5 Qe7 7. Nxf7 Rg8 8.
Ng5 Rh8 9. O-O Nd4 10. Bf7+ Kd8 11. c3 Nc6 12. Bb3 Ke8 13. d4 h6 14. Nf3 d6 15.
dxe5 Nxe5 16. Nxe5 Qxe5 17. f4 Qc5+ 18. Kh1 Ng4 19. Qf3 h5 20. h3 Nf6 21. Qd3
Be7 22. e5 Bf5 23. Qd4 Bxh3 1/2-1/2

[Event "SR 5. liga SE-SI 2014/2015"]
[Site "?"]
[Date "2015.03.07"]
[Round "10.4"]
[White "Drinka, Robert"]
[Black "Mudroch, Martin"]
[Result "0-1"]
[WhiteElo "1418"]
[BlackElo "1342"]
[PlyCount "74"]
[EventDate "2014.??.??"]

1. e4 c6 2. d4 d5 3. e5 Bf5 4. Bd3 Bxd3 5. Qxd3 e6 6. f4 Ne7 7. g4 Ng6 8. Nf3
Qb6 9. c3 Nxf4 10. Qc2 Ng6 11. Be3 Nd7 12. g5 Rc8 13. Nbd2 c5 14. Qb3 Qxb3 15.
Nxb3 b6 16. h4 cxd4 17. Bxd4 Bc5 18. O-O-O Bxd4 19. Nbxd4 Ndxe5 20. Nxe5 Nxe5
21. Rde1 Nc6 22. Nxc6 Rxc6 23. Re2 g6 24. h5 Ke7 25. hxg6 fxg6 26. Rf1 Rf8 27.
Rxf8 Kxf8 28. Rf2+ Ke7 29. Rf6 Rc8 30. Kd2 Rf8 31. Rxf8 Kxf8 32. Ke3 Ke7 33. b3
Kd6 34. Kd4 e5+ 35. Ke3 a5 36. a4 Kc5 37. Kd3 d4 0-1

[Event "SR 5. liga SE-SI 2014/2015"]
[Site "?"]
[Date "2015.03.07"]
[Round "10.4"]
[White "Musaev, Urmat"]
[Black "Simek, Adam"]
[Result "1-0"]
[WhiteElo "1000"]
[BlackElo "1060"]
[PlyCount "79"]
[EventDate "2014.??.??"]

1. e4 e5 2. Nf3 Nc6 3. Bc4 Nf6 4. O-O Nxe4 5. Re1 Nd6 6. Nxe5 Nxe5 7. Rxe5+ Be7
8. Bb3 O-O 9. d4 Re8 10. Qe2 Nb5 11. Qxb5 Bd6 12. Rxe8+ Qxe8 13. Be3 a6 14. Qd3
b5 15. Nc3 Bb7 16. Re1 b4 17. Bd2 Qd8 18. Ne4 Qh4 19. h3 Re8 20. Nf6+ gxf6 21.
Rxe8+ Kg7 22. Qc4 Qh5 23. Qe2 Qg6 24. Qg4 h5 25. Qxg6+ fxg6 26. Rb8 Be4 27.
Bxb4 Bxb4 28. Rxb4 Kh6 29. f3 Bf5 30. g4 hxg4 31. hxg4 Be6 32. Bxe6 dxe6 33.
Rc4 f5 34. gxf5 exf5 35. Rxc7 Kg5 36. Ra7 Kf4 37. Kf2 g5 38. d5 Ke5 39. c4 f4
40. Rxa6 1-0

[Event "SR 5. liga SE-SI 2014/2015"]
[Site "?"]
[Date "2015.03.07"]
[Round "10.4"]
[White "Nesnadny, Tomas"]
[Black "Musaev, Matej Elbek"]
[Result "0-1"]
[WhiteElo "1000"]
[BlackElo "1070"]
[PlyCount "40"]
[EventDate "2014.??.??"]

1. e4 e5 2. Bc4 Nf6 3. d3 Bc5 4. Nf3 Nc6 5. Nc3 d6 6. Be3 Bb4 7. O-O Bg4 8. a3
Bc5 9. Bxc5 dxc5 10. Qd2 Bxf3 11. gxf3 Nd4 12. Kh1 Qd7 13. Nd5 O-O-O 14. c3
Nxf3 15. Qe3 Qh3 16. Ne7+ Kb8 17. Qxf3 Qxf3+ 18. Kg1 Ng4 19. Nf5 Qh3 20. Ng3
Qxh2# 0-1

[Event "SR 5. liga SE-SI 2014/2015"]
[Site "?"]
[Date "2015.03.07"]
[Round "10.5"]
[White "Vach, Jozef"]
[Black "Zajicek, Ferdinand"]
[Result "0-1"]
[WhiteElo "1778"]
[BlackElo "1836"]
[PlyCount "127"]
[EventDate "2014.??.??"]

1. d4 c5 2. d5 Nf6 3. c4 d6 4. Nc3 g6 5. e4 Bg7 6. Nf3 O-O 7. Bd3 e6 8. Be3
exd5 9. cxd5 Ng4 10. Bd2 Ne5 11. Nxe5 Bxe5 12. Qe2 f5 13. h4 fxe4 14. Bxe4 Bf5
15. O-O-O Nd7 16. f3 a6 17. g4 Bxe4 18. Nxe4 Nf6 19. f4 Bd4 20. Nc3 Re8 21. Qf3
Qb6 22. Rde1 a5 23. g5 Nh5 24. f5 Rf8 25. f6 a4 26. Qd3 Qb4 27. Nd1 Qb6 28. Bc3
a3 29. b3 Rac8 30. Re4 Qa6 31. Rh3 b5 32. Kb1 Be5 33. Bxe5 dxe5 34. Qc3 Nf4 35.
Rf3 Qd6 36. Qxe5 Qxd5 37. Qxd5+ Nxd5 38. Re5 Nb4 39. Re7 Rcd8 40. Nc3 Rd2 41.
Kc1 Rc2+ 42. Kd1 Rd8+ 43. Ke1 Nd3+ 44. Kf1 Rxc3 45. f7+ Kf8 46. Rfe3 Rc1+ 47.
Kg2 Nf4+ 48. Kg3 Nh5+ 49. Kh3 Nf4+ 50. Kg3 Nd5 51. Re8+ Kxf7 52. Rxd8 Nxe3 53.
Rd7+ Ke6 54. Rxh7 Nf5+ 55. Kf4 Rh1 56. Rb7 Rxh4+ 57. Kf3 Rh2 58. Rb6+ Nd6 59.
Rc6 Kd5 60. Rc7 Rxa2 61. Rg7 Rb2 62. Rxg6 a2 63. Rg7 Rxb3+ 64. Kg4 0-1

[Event "SR 5. liga SE-SI 2014/2015"]
[Site "?"]
[Date "2015.03.07"]
[Round "10.5"]
[White "Kanka, Tomas"]
[Black "Cambal, Peter"]
[Result "1/2-1/2"]
[WhiteElo "1723"]
[BlackElo "1067"]
[PlyCount "36"]
[EventDate "2014.??.??"]

1. e4 c5 2. Nf3 d6 3. d4 cxd4 4. Nxd4 Nf6 5. Nc3 g6 6. Bb5+ Nbd7 7. Nf3 a6 8.
Be2 Bg7 9. O-O O-O 10. h3 b5 11. a3 Qc7 12. Bf4 Bb7 13. Bd3 Rac8 14. Re1 Nh5
15. Bd2 Nhf6 16. Bf4 Nh5 17. Bd2 Nhf6 18. Bf4 Nh5 1/2-1/2

[Event "SR 5. liga SE-SI 2014/2015"]
[Site "?"]
[Date "2015.03.07"]
[Round "10.5"]
[White "Steiner, Juraj"]
[Black "Kastler, Peter"]
[Result "0-1"]
[WhiteElo "1000"]
[BlackElo "1757"]
[PlyCount "76"]
[EventDate "2014.??.??"]

1. e4 e6 2. e5 d5 3. d4 c5 4. c3 Nc6 5. Nf3 Qb6 6. Be3 Qxb2 7. Bc1 Qxa1 8. Qc2
cxd4 9. c4 Nb4 10. Qb3 Qxa2 11. Nxd4 Qxb3 12. Nxb3 b6 13. N1d2 Ba6 14. Be2 Nc2+
15. Kd1 Nb4 16. c5 Bxe2+ 17. Kxe2 Bxc5 18. Nxc5 bxc5 19. Rd1 Ne7 20. Kf1 O-O
21. Ba3 a5 22. Bxb4 axb4 23. Nb3 c4 24. Nd4 b3 25. Rb1 Ra5 26. g3 Rfa8 27. Nxb3
Rb5 28. Rc1 Rxb3 29. Kg2 Nc6 30. h4 Nxe5 31. Rd1 h5 32. Kh3 Nd3 33. Rd2 Rb2 34.
Rd1 Nxf2+ 35. Kh2 Nxd1+ 36. Kh3 Nf2+ 37. Kh2 Ng4+ 38. Kg1 Ra1# 0-1

[Event "SR 5. liga SE-SI 2014/2015"]
[Site "?"]
[Date "2015.03.07"]
[Round "10.5"]
[White "Papanek, Lubomir"]
[Black "Svrcek, Daniel"]
[Result "1-0"]
[WhiteElo "1616"]
[BlackElo "1000"]
[PlyCount "119"]
[EventDate "2014.??.??"]

1. d4 d5 2. c4 e6 3. Nf3 Nf6 4. e3 Nc6 5. Nc3 Bb4 6. Bd2 O-O 7. Bd3 Bd7 8. a3
Bxc3 9. bxc3 Qe7 10. Qc2 g6 11. O-O e5 12. dxe5 Nxe5 13. Nxe5 Qxe5 14. cxd5
Nxd5 15. c4 Nf6 16. Bc3 Qe6 17. Bb2 Bc6 18. Qc3 Kg7 19. Rad1 Rad8 20. Bc2 Rxd1
21. Rxd1 Re8 22. h3 Re7 23. Rd8 Re8 24. Rxe8 Bxe8 25. g4 g5 26. Qd3 Kg8 27.
Bxf6 Qxf6 28. Qxh7+ Kf8 29. Qf5 Qxf5 30. Bxf5 f6 31. f4 Kg7 32. Kf2 Bg6 33.
Bxg6 Kxg6 34. f5+ Kh6 35. Kf3 a6 36. Ke4 Kg7 37. Kd5 c6+ 38. Kc5 b5 39. cxb5
cxb5 40. Kb6 Kf7 41. Kxa6 Ke7 42. Kxb5 Kd6 43. Kc4 Ke5 44. Kd3 Kd6 45. e4 Ke5
46. Ke3 Kd6 47. Kd4 Ke7 48. Kd5 Kd7 49. e5 fxe5 50. Kxe5 Ke7 51. a4 Kd8 52. f6
Ke8 53. Ke6 Kf8 54. f7 Kg7 55. Ke7 Kg6 56. f8=Q Kh7 57. Qf5+ Kg8 58. Qxg5+ Kh7
59. Kf7 Kh8 60. Qg7# 1-0

[Event "SR 5. liga SE-SI 2014/2015"]
[Site "?"]
[Date "2015.03.07"]
[Round "10.5"]
[White "Matula, Tomas"]
[Black "Mraz, Jan"]
[Result "0-1"]
[WhiteElo "1000"]
[BlackElo "1000"]
[PlyCount "34"]
[EventDate "2014.??.??"]

1. d4 e6 2. Nf3 b6 3. Bf4 Bb7 4. Nh4 Qxh4 5. g4 Qd8 6. Nc3 Bxh1 7. f3 g6 8. Qd2
Bg7 9. O-O-O Nf6 10. e3 Bxf3 11. Re1 Ne4 12. Nxe4 Bxe4 13. Qb4 d6 14. Qb5+ Qd7
15. Qa6 Nxa6 16. Bxa6 Qa4 17. Bb7 Qxc2# 0-1

[Event "SR 5. liga SE-SI 2014/2015"]
[Site "?"]
[Date "2015.03.07"]
[Round "10.6"]
[White "Huska, Branislav"]
[Black "Vlk, Jaroslav"]
[Result "1/2-1/2"]
[WhiteElo "1689"]
[BlackElo "1000"]
[PlyCount "43"]
[EventDate "2014.??.??"]

1. e4 e5 2. Nf3 Nc6 3. Bb5 d6 4. c3 a6 5. Ba4 b5 6. Bc2 Nf6 7. h3 g6 8. O-O Bg7
9. d4 Nd7 10. d5 Na7 11. a4 Bb7 12. Be3 Qb8 13. Na3 c6 14. dxc6 Bxc6 15. axb5
Nxb5 16. Nc4 Ke7 17. Qd2 Nf6 18. Nb6 Ra7 19. Nd5+ Bxd5 20. Bxa7 Qxa7 21. exd5
Nc7 22. Rfe1 1/2-1/2

[Event "SR 5. liga SE-SI 2014/2015"]
[Site "?"]
[Date "2015.03.07"]
[Round "10.6"]
[White "Butas, Adam"]
[Black "Macalka, Ondrej"]
[Result "0-1"]
[WhiteElo "1000"]
[BlackElo "1499"]
[PlyCount "54"]
[EventDate "2014.??.??"]

1. e4 c5 2. Nc3 d6 3. Bc4 Nf6 4. Nf3 a6 5. d3 b5 6. Bb3 Bb7 7. h3 Nbd7 8. g4 h6
9. g5 hxg5 10. Nxg5 e6 11. Be3 Be7 12. d4 c4 13. f4 cxb3 14. axb3 b4 15. Ne2
Nxe4 16. Nxe4 Bxe4 17. Rh2 Bf5 18. Ng1 Nf6 19. Qd2 Ne4 20. Qg2 Bf6 21. Ke2 Rc8
22. Rc1 Qb6 23. Kf3 Bxd4 24. Qe2 Bxe3 25. Qxe3 Qb7 26. h4 Nf6+ 27. Kf2 Ng4+ 0-1

[Event "SR 5. liga SE-SI 2014/2015"]
[Site "?"]
[Date "2015.03.07"]
[Round "10.6"]
[White "Petras, Michal"]
[Black "Daniel, Jakub"]
[Result "1-0"]
[WhiteElo "1255"]
[BlackElo "1000"]
[PlyCount "75"]
[EventDate "2014.??.??"]

1. e4 e5 2. Bc4 Nf6 3. d3 Bc5 4. Nf3 O-O 5. O-O d6 6. h3 h6 7. c3 Nc6 8. Nbd2
Na5 9. b4 Nxc4 10. Nxc4 Bd7 11. bxc5 dxc5 12. Nfxe5 Be6 13. Ne3 Qc8 14. Qf3
Bxh3 15. Qxh3 Qxh3 16. gxh3 Rae8 17. Nf3 Nh5 18. Nc4 Rd8 19. d4 cxd4 20. cxd4
Rfe8 21. Re1 Nf6 22. e5 Nd5 23. Bd2 Ne7 24. Rad1 Nf5 25. Bc3 b5 26. Na5 Nh4 27.
Nxh4 Re6 28. Nb7 Rde8 29. Nc5 Rc6 30. Bb4 a5 31. Bxa5 Rb8 32. Bb4 Ra8 33. a3 h5
34. Nf5 Rg6+ 35. Kf1 Rb8 36. Ne7+ Kh7 37. Nxg6 fxg6 38. d5 1-0

[Event "SR 5. liga SE-SI 2014/2015"]
[Site "?"]
[Date "2015.03.07"]
[Round "10.6"]
[White "Horinka, Tomas"]
[Black "Cibula, Marian"]
[Result "1/2-1/2"]
[WhiteElo "1000"]
[BlackElo "1000"]
[PlyCount "87"]
[EventDate "2014.??.??"]

1. e4 e5 2. Nf3 Nc6 3. Bb5 a6 4. Ba4 Bc5 5. Nc3 Nf6 6. d3 h6 7. O-O d5 8. exd5
Nxd5 9. Nxd5 Qxd5 10. Bd2 O-O 11. h3 Nd4 12. Nxd4 exd4 13. Re1 Bd7 14. Bxd7
Qxd7 15. Re2 Bb6 16. Qe1 c5 17. Ba5 Ba7 18. Rd1 b6 19. Bd2 Qc7 20. Re7 Qd6 21.
Re2 Bb8 22. g3 Bc7 23. Bf4 Qc6 24. Bxc7 Qxc7 25. Qf1 c4 26. dxc4 Qxc4 27. b3
Qc5 28. Qg2 Qb5 29. Qf1 Rae8 30. Rde1 Rxe2 31. Rxe2 d3 32. cxd3 Qxd3 33. Qe1
Qd7 34. Kh2 Qd8 35. Qd2 Qxd2 36. Rxd2 Re8 37. Kg2 f5 38. Rd5 g6 39. Rd7 Kf8 40.
Rd6 Kf7 41. Rxb6 Re6 42. Rb4 Re2 43. Ra4 Re6 44. Kf3 1/2-1/2

[Event "SR 5. liga SE-SI 2014/2015"]
[Site "?"]
[Date "2015.03.07"]
[Round "10.6"]
[White "Datko, Jan"]
[Black "Volek, Vladimir"]
[Result "1-0"]
[WhiteElo "1000"]
[BlackElo "1000"]
[PlyCount "87"]
[EventDate "2014.??.??"]

1. e4 e5 2. Bc4 Nf6 3. Nc3 Bc5 4. d3 d6 5. Bg5 h6 6. Bxf6 Qxf6 7. Nf3 Nc6 8.
Nd5 Qd8 9. O-O Nd4 10. c3 Nxf3+ 11. Qxf3 O-O 12. b4 b5 13. Bxb5 a6 14. Bc6 Rb8
15. bxc5 dxc5 16. Qh5 Rb2 17. Qxe5 f6 18. Qf4 g5 19. Qc1 Re2 20. Rb1 Bd7 21.
Bxd7 Qxd7 22. Qd1 Rxa2 23. Qf3 Qa4 24. Nxf6+ Kf7 25. Nd7+ Ke7 26. Qxf8+ Kxd7
27. Qf7+ Kc6 28. Qe8+ Kd6 29. Rb6+ cxb6 30. e5+ Kd5 31. c4+ Kd4 32. Qxa4 Rxa4
33. e6 Ke5 34. e7 b5 35. e8=Q+ Kd4 36. cxb5 axb5 37. Qxb5 Ra2 38. Qc4+ Ke5 39.
Qxa2 Kd4 40. Qc4+ Ke5 41. Re1+ Kf5 42. Qxc5+ Kg6 43. g4 h5 44. Re6+ 1-0

[Event "SR 5. liga SE-SI 2014/2015"]
[Site "?"]
[Date "2015.03.21"]
[Round "11.1"]
[White "Brunovsky, Peter"]
[Black "Wallner, Juraj"]
[Result "1/2-1/2"]
[WhiteElo "1869"]
[BlackElo "1606"]
[PlyCount "119"]
[EventDate "2014.??.??"]

1. d4 d5 2. Bf4 e6 3. e3 Bd7 4. Nd2 c5 5. c3 Nc6 6. Bd3 Nf6 7. h3 Be7 8. Ngf3
Qb6 9. Rb1 c4 10. Bc2 Nd8 11. O-O Bd6 12. Ne5 O-O 13. Ng4 Nxg4 14. hxg4 Bxf4
15. exf4 Qd6 16. g3 g6 17. Nf3 f6 18. g5 f5 19. Kg2 Nc6 20. Rh1 a6 21. Qe2 b5
22. Rh6 Be8 23. Rbh1 Ra7 24. Qd1 Rff7 25. R1h2 Rg7 26. Qe2 Rge7 27. Rh1 Rab7
28. a3 a5 29. Ra1 Ra7 30. Rhh1 Reb7 31. Rhe1 Re7 32. Reb1 Reb7 33. Qd1 Qb8 34.
Kf1 Kf7 35. Ke2 b4 36. Ba4 Ne7 37. Ne5+ Kg7 38. Bxe8 Qxe8 39. axb4 axb4 40.
Rxa7 Rxa7 41. Ra1 Rxa1 42. Qxa1 bxc3 43. bxc3 Qb8 44. Qa3 Qb7 45. Kf3 Kf8 46.
Qd6 Qc8 47. Nd7+ Kf7 48. Ne5+ Ke8 49. Qb6 Kf8 50. Qa7 Ke8 51. Kg2 Kf8 52. Nd7+
Kf7 53. Nf6 Qh8 54. Nd7 Qc8 55. Nb8 Ke8 56. Na6 Kf8 57. Nc7 Qd7 58. Qc5 Kf7 59.
Nb5 Nc8 60. Qb4 1/2-1/2

[Event "SR 5. liga SE-SI 2014/2015"]
[Site "?"]
[Date "2015.03.21"]
[Round "11.1"]
[White "Tomasovic, Roman"]
[Black "Hyza, Richard"]
[Result "1-0"]
[WhiteElo "1363"]
[BlackElo "1000"]
[PlyCount "120"]
[EventDate "2014.??.??"]

1. d4 d5 2. c4 dxc4 3. e3 Be6 4. Na3 Nf6 5. Nxc4 Bxc4 6. Bxc4 e6 7. Nf3 Bb4+ 8.
Bd2 Bxd2+ 9. Nxd2 Nc6 10. O-O O-O 11. Nf3 h6 12. a3 a6 13. b4 b5 14. Bd3 Kh8
15. Qc2 a5 16. Qxc6 axb4 17. axb4 Rxa1 18. Rxa1 Qd7 19. Qxd7 Nxd7 20. Bxb5 Nf6
21. Bc6 Kg8 22. h3 Nd5 23. Bxd5 exd5 24. Rc1 Rb8 25. Rxc7 Rxb4 26. Rd7 Rb5 27.
Ne5 f6 28. Ng6 Kh7 29. Nf4 f5 30. Nxd5 Rb1+ 31. Kh2 Kg6 32. Nf4+ Kh7 33. d5 Rd1
34. Rf7 Kg8 35. Rxf5 Kh7 36. Rf7 Rb1 37. Rc7 Rb8 38. Rc3 Kg8 39. e4 Re8 40. f3
Rf8 41. Rd3 Rxf4 42. Kg3 Rf8 43. f4 Rd8 44. Kf3 Kf7 45. e5 Ke7 46. Ke4 g6 47.
d6+ Ke6 48. h4 h5 49. Rg3 Rg8 50. Rxg6+ Rxg6 51. f5+ Kf7 52. fxg6+ Kxg6 53. d7
Kf7 54. d8=Q Kg7 55. Qg5+ Kf7 56. Qxh5+ Kg7 57. Qg5+ Kf7 58. h5 Kf8 59. h6 Ke8
60. h7 Kd7 1-0

[Event "SR 5. liga SE-SI 2014/2015"]
[Site "?"]
[Date "2015.03.21"]
[Round "11.1"]
[White "Daniel, Jakub"]
[Black "Valigursky, Michal"]
[Result "0-1"]
[WhiteElo "1000"]
[BlackElo "1446"]
[PlyCount "62"]
[EventDate "2014.??.??"]

1. e4 e5 2. Nf3 Nc6 3. Nc3 Nf6 4. Bc4 Nxe4 5. Nxe4 d5 6. d3 dxc4 7. Bg5 f6 8.
Bd2 cxd3 9. cxd3 Qxd3 10. Qe2 Qxe2+ 11. Kxe2 Bg4 12. Rhe1 Nd4+ 13. Kf1 Nc2 14.
Rac1 Nxe1 15. Nxe1 O-O-O 16. Nd3 Rxd3 17. f3 Bf5 18. Rd1 Bxe4 19. fxe4 Bb4 20.
Ke2 Rhd8 21. Bxb4 Rxd1 22. Be7 R1d2+ 23. Ke1 R8d7 24. Bb4 Rxb2 25. Kf1 Rxb4 26.
Kf2 Rd3 27. Ke2 Ra3 28. Kd2 Rb2+ 29. Kc1 Raxa2 30. g3 Rxh2 31. Kb1 Rag2 0-1

[Event "SR 5. liga SE-SI 2014/2015"]
[Site "?"]
[Date "2015.03.21"]
[Round "11.1"]
[White "Vozarova, Adriana"]
[Black "Horinka, Tomas"]
[Result "1-0"]
[WhiteElo "1444"]
[BlackElo "1000"]
[PlyCount "97"]
[EventDate "2014.??.??"]

1. e4 e5 2. Nf3 Nc6 3. Bb5 Bb4 4. c3 Bc5 5. d4 exd4 6. cxd4 Bb4+ 7. Nbd2 Nf6 8.
O-O O-O 9. Re1 d6 10. a3 Ba5 11. h3 Bxd2 12. Bxd2 h6 13. Rc1 Bd7 14. Qe2 a6 15.
Bd3 Re8 16. e5 dxe5 17. dxe5 Nd5 18. Qe4 g6 19. Qxd5 Be6 20. Qxd8 Raxd8 21. Be4
Nd4 22. Nxd4 Rxd4 23. Bxh6 c6 24. Rcd1 Rxd1 25. Rxd1 Kh7 26. Bg5 Bd5 27. Bxd5
cxd5 28. Rxd5 Kg8 29. Rd8 Rxd8 30. Bxd8 Kf8 31. Kf1 Ke8 32. Bf6 Kd7 33. Ke2 Ke6
34. Ke3 Kd5 35. Kd3 b5 36. b4 Ke6 37. Kd4 Kd7 38. Kd5 Ke8 39. e6 Kf8 40. e7+
Ke8 41. g4 g5 42. Bxg5 f6 43. Bxf6 Kd7 44. h4 Ke8 45. h5 Kd7 46. h6 Ke8 47. h7
Kf7 48. h8=Q Kg6 49. Qg7# 1-0

[Event "SR 5. liga SE-SI 2014/2015"]
[Site "?"]
[Date "2015.03.21"]
[Round "11.1"]
[White "Volek, Vladimir"]
[Black "Tomasovic, Pavol"]
[Result "0-1"]
[WhiteElo "1000"]
[BlackElo "1284"]
[PlyCount "46"]
[EventDate "2014.??.??"]

1. e4 e6 2. Nf3 d5 3. Nc3 Bb4 4. d3 d4 5. Bg5 f6 6. Bd2 dxc3 7. bxc3 Ba5 8. d4
c6 9. e5 Nd7 10. exf6 Ngxf6 11. Bg5 Bxc3+ 12. Nd2 Bxa1 13. Qxa1 O-O 14. Bc4 Qe7
15. Ne4 Qb4+ 16. c3 Qxc4 17. Nxf6+ Nxf6 18. Be3 Ne4 19. Qb1 Qxc3+ 20. Ke2 Qc4+
21. Ke1 Nc3 22. Qc2 b5 23. Bd2 Qe2# 0-1

[Event "SR 5. liga SE-SI 2014/2015"]
[Site "?"]
[Date "2015.03.21"]
[Round "11.2"]
[White "Zajicek, Ferdinand"]
[Black "Huska, Branislav"]
[Result "0-1"]
[WhiteElo "1836"]
[BlackElo "1689"]
[PlyCount "62"]
[EventDate "2014.??.??"]

1. e4 c5 2. Nf3 d6 3. Nc3 Nc6 4. h3 g6 5. Bc4 Bg7 6. d3 Nf6 7. a3 O-O 8. O-O a6
9. Bd2 b5 10. Ba2 Bb7 11. Ne2 a5 12. Qc1 Re8 13. Bh6 Bh8 14. c3 Qc7 15. Qg5 c4
16. Nf4 Ne5 17. Nd4 Qd7 18. dxc4 Nxe4 19. Qh4 Bf6 20. Nxg6 Bxh4 21. Nxh4 bxc4
22. f4 Ng6 23. Nhf3 e5 24. fxe5 dxe5 25. Bxc4 exd4 26. Rad1 Qc7 27. Rxd4 Re7
28. Nh2 Ng3 29. Ng4 Nxf1 30. Kxf1 Qg3 31. Nf2 Qxg2# 0-1

[Event "SR 5. liga SE-SI 2014/2015"]
[Site "?"]
[Date "2015.03.21"]
[Round "11.2"]
[White "Macalka, Ondrej"]
[Black "Kanka, Tomas"]
[Result "1-0"]
[WhiteElo "1499"]
[BlackElo "1723"]
[PlyCount "109"]
[EventDate "2014.??.??"]

1. e4 e5 2. Nf3 Nf6 3. Bc4 Nc6 4. d3 Be7 5. Bg5 d6 6. c3 O-O 7. Nbd2 a6 8. a4
h6 9. Bh4 Kh8 10. O-O Nh7 11. Bxe7 Qxe7 12. b4 f5 13. Re1 f4 14. d4 Bg4 15. Qc2
Bxf3 16. Nxf3 Ng5 17. Nxg5 Qxg5 18. d5 Ne7 19. f3 Ng6 20. Qf2 Rf6 21. Bf1 a5
22. Rab1 b6 23. c4 axb4 24. Rxb4 Nh4 25. Ra1 Qh5 26. Ra3 g5 27. h3 Ng6 28. Rb2
Nf8 29. Rba2 Ra5 30. Rb2 Nd7 31. Rb5 Ra7 32. a5 Qg6 33. Qb2 Rb7 34. axb6 Nxb6
35. Ra8+ Kg7 36. Qa2 Rf7 37. Qa6 Nxa8 38. Rxb7 Nb6 39. Qa7 Nc8 40. Qb8 Ne7 41.
Qxc7 h5 42. Qd8 Qf6 43. Rb6 g4 44. Qxd6 Qg5 45. hxg4 hxg4 46. fxg4 f3 47. Rb2
Qe3+ 48. Rf2 fxg2 49. Qxe5+ Kg6 50. Qh5+ Kg7 51. Qxf7+ Kh6 52. Bxg2 Ng6 53. Kh2
Qg5 54. Qf5 Qh4+ 55. Bh3 1-0

[Event "SR 5. liga SE-SI 2014/2015"]
[Site "?"]
[Date "2015.03.21"]
[Round "11.2"]
[White "Kastler, Peter"]
[Black "Petras, Michal"]
[Result "1-0"]
[WhiteElo "1757"]
[BlackElo "1255"]
[PlyCount "77"]
[EventDate "2014.??.??"]

1. d4 d5 2. c4 e6 3. Nc3 Nf6 4. e3 Nc6 5. Bd3 Bb4 6. Bd2 O-O 7. Nf3 Re8 8. a3
Bxc3 9. Bxc3 dxc4 10. Bxc4 Nd5 11. O-O Nxc3 12. bxc3 Qf6 13. Bb5 Bd7 14. Ne5
Nxe5 15. dxe5 Qe7 16. Qxd7 Qxd7 17. Bxd7 Re7 18. Ba4 Rd8 19. Rad1 Rd5 20. e4
Rxd1 21. Rxd1 h6 22. Rd7 Rxd7 23. Bxd7 Kf8 24. Kf1 Ke7 25. Ba4 c6 26. Ke2 Kd7
27. Kd3 Kc7 28. Bb3 b5 29. Kd4 Kb6 30. c4 c5+ 31. Kc3 a6 32. f4 Ka5 33. g4 b4+
34. axb4+ cxb4+ 35. Kd4 Kb6 36. h4 Kc6 37. Ba4+ Kb6 38. c5+ Kc7 39. Kc4 1-0